Responses for Show #6381 - Monday, May 21, 2012

Joel Pool game 1.

Contestants

[<< previous game]

Cindy Hager, a mixed animal veterinarian from Banner, Wyoming

Joel Pool, a real estate developer from Oakland, California

Jacob Silverman, an arts and culture journalist from Brooklyn, New York (whose 3-day cash winnings total $35,998)

[next game >>]

Jeopardy! Round responses

3-NAMED AUTHORS
NUMBER, PLEASE
FAMOUS IVY LEAGUERS
SOUNDS LIKE 2 LETTERS
GIRL SCOUT COOKIES
S'MOORS
    $200 16
Robert Louis Stevenson

Cindy
    $200 6
1600

Joel
    $200 1
Oliver Stone

Jacob
    $200 11
empty

Cindy
    $200 26
(Joel: What is Wisconsin?)

Oklahoma

JoelCindy
    $200 21
Madrid

Joel
    $400 17
Edgar Rice Burroughs

Joel
    $400 7
(Joel: What is MI-6?)

5

JacobJoel
    $400 2
(Jacob: [No response])

Anna Paquin

JacobCindy
    $400 12
ivy

Cindy
    $400 27
World War II

Joel
    $400 22
bullfighting

Cindy
    $600 18
Gabriel García Márquez

Jacob
    $600 8
7

Jacob
    $600 3
(John) Heisman

Jacob
    $600 13
eighty

Cindy
    $600 28
Thin Mints

Jacob
    $600 23
Fatima

Triple Stumper
    $800 19
David Foster Wallace

Jacob
    $800 9
10

Jacob
    $800 4
(Alex: Jacob, you knew that. You should have rung in. Go again.)

John Krasinski

Triple Stumper
    $800 14
an Emmy

Cindy
    $800 29
the peanut butter sandwich

Triple Stumper
    $800 24
Charles Martel ("The Hammer")

Triple Stumper
    $2,500 20
(Jacob: Who is Willa Cather?)

Laura Ingalls Wilder

Jacob
    $1000 10
20

Cindy
    $1000 5
Elizabeth Banks

Jacob
    $1000 15
Icy

Joel
    $1000 30
(Joel: What is peach?)

lemon

Joel
Triple Stumper
    $1000 25
Granada

Jacob

Scores at the first commercial break (after clue 15):

Jacob Joel Cindy
$3,200 $800 $3,400

Scores at the end of the Jeopardy! Round:

Jacob Joel Cindy
$3,700 $600 $4,200

Double Jeopardy! Round responses

ON THE WORLD HERITAGE LIST
LOFTY LANGUAGE
AMERICAN NICKNAMES
WEBCAMS
WEATHER HISTORY
"BIG" MOVIE QUOTES
    $400 9
Red Square

Joel
    $400 4
high

Joel
    $400 14
Buffalo Bill

Joel
    $400 22
bald eagles

Cindy
    $400 19
forecasts

Joel
    $400 1
The Big Lebowski

Joel
    $800 10
Stonehenge

Jacob
    $800 5
(Cindy: What is pomp?)

pompous

JacobCindy
    $800 15
the Missouri

Joel
    $800 23
the Caribbean

Cindy
    $800 20
nitrogen

Joel
    $800 2
Pee-wee's Big Adventure

Triple Stumper
    $1200 11
a rhino (Indian rhinoceros)

Joel
    $1200 6
elevated

Joel
    $1200 16
(Jacob: What is Dapper?)

Teflon

JacobCindy
    $1200 24
the California Department of Transportation

Jacob
    $1200 21
a barometer

Jacob
    $1200 3
The Big Chill

Jacob
    $1600 12
(Joel: What is El Doumo?)

the Leaning Tower of Pisa

Joel
Triple Stumper
    $1600 7
flowery

Triple Stumper
    $1,600 17
(Cindy: What is Embassy Row?)

Foggy Bottom

Cindy
    $1600 25
(Joel: What is Mauna Kea?)

Kilauea

Joel
Triple Stumper
    $3,000 29
a jet stream

Joel
    $1600 27
Big Trouble in Little China

Cindy
    $2000 13
Quetzalcoatl

Cindy
    $2000 8
exalted

Triple Stumper
    $2000 18
the Clermont

Triple Stumper
    $2000 26
the Statue of Liberty

Jacob
    $2000 30
the ionosphere

Jacob
    $2000 28
Big Night

Joel

Scores at the end of the Double Jeopardy! Round:

Jacob Joel Cindy
$11,700 $8,400 $7,800

[wagering suggestions for these scores]

Final Jeopardy! Round responses

DRAMA
(Alex: Powerful play made into a powerful movie starring Philip Seymour Hoffman and Meryl Streep.)
CindyWhat is
$3,901
JoelWhat Doubt
$8,300
JacobWhat is The History Boys?
$5,200
Doubt

Final scores:

Jacob Joel Cindy
$6,500 $16,700 $3,899
2nd place: $2,000 New champion: $16,700 3rd place: $1,000

Game dynamics:

Coryat scores:

Jacob Joel Cindy
$14,200 $7,000 $9,400
17 R,
3 W
(including 1 DD)
16 R
(including 1 DD),
5 W
14 R,
2 W
(including 1 DD)

Combined Coryat: $30,600

[game clues] [game scores] [suggest correction]

Game tape date: 2012-01-17
The J! Archive is created by fans, for fans. Scraping, republication, monetization, and malicious use prohibited; this site may use cookies and collect identifying information. See terms. The Jeopardy! game show and all elements thereof, including but not limited to copyright and trademark thereto, are the property of Jeopardy Productions, Inc. and are protected under law. This website is not affiliated with, sponsored by, or operated by Jeopardy Productions, Inc. Join the discussion at JBoard.tv.